France and Rhode Island, 1686-1800,

Saved in:
Bibliographic Details
Main Author: Loughrey, Mary Ellen, 1902-
Format: Book
Language:English
Published: New York, King's crown press, 1944.
Subjects:
LEADER 01174nam a22003011 4500
001 c000063410
003 CARM
005 00000000000000.0
008 770317s1944 nyu b 00110deng c
019 1 |a 1111075  |5 LACONCORD2021 
035 |a (OCoLC)2757733  |5 LACONCORD2021 
040 |a Columbia Univ. Libraries  |c NIC 
043 |a e-fr---  |a n-us---  |a n-us-ri 
050 0 0 |a F90.F7  |b L6 1944a 
100 1 |a Loughrey, Mary Ellen,  |d 1902- 
245 1 0 |a France and Rhode Island, 1686-1800,  |c by Mary Ellen Loughrey. 
260 |a New York,  |b King's crown press,  |c 1944. 
300 |a vii p., 1 l., 186 p.  |c 23 cm. 
500 |a Issued also as thesis (Ph.D.) Columbia university. 
504 |a Bibliography: p. [161]-174. 
650 0 |a French  |z Rhode Island. 
651 0 |a France  |x Relations  |z United States. 
651 0 |a United States  |x Relations  |z France. 
651 0 |a Rhode Island  |x History  |y Colonial period, ca. 1600-1775. 
852 8 |b CARM  |h A2:AF29E0  |i B01441  |p 0066745  |f BK 
082 0 4 |a 974.5 
999 f f |i 09e0b23f-28a0-50f6-8d51-c3897c35541b  |s 21fc3341-2597-5e0d-af51-b6f3965f1226 
952 f f |p Can circulate  |a CAVAL  |b CAVAL  |c CAVAL  |d CARM 1 Store  |e B01441  |f A2:AF29E0  |h Other scheme  |i book  |m 0066745